The crisis of innovation in water and wastewater
Αποθηκεύτηκε σε:
| Κύριος συγγραφέας: | |
|---|---|
| Άλλοι συγγραφείς: | |
| Μορφή: | Βιβλίο |
| Γλώσσα: | English |
| Δημοσίευση: |
Cheltenham, UK :
Edward Elgar,
c2005
|
| Θέματα: | |
| Ετικέτες: |
Προσθήκη ετικέτας
Δεν υπάρχουν, Καταχωρήστε ετικέτα πρώτοι!
|
MARC
| LEADER | 00000nam a2200000 i 4500 | ||
|---|---|---|---|
| 001 | 1/91350 | ||
| 008 | 080722s2005 eng d | ||
| 020 | |a 1-84376-626-4 | ||
| 035 | |l 10099124 | ||
| 040 | |a GR-MY-UA |b gre |e aacr | ||
| 041 | 0 | |a eng | |
| 082 | 0 | |a 363.61 |2 (22) | |
| 100 | 1 | |a Thomas, Duncan A. | |
| 245 | 1 | 4 | |a The crisis of innovation in water and wastewater / |c Duncan A. Thomas, Roger R. Ford |
| 260 | |a Cheltenham, UK : |b Edward Elgar, |c c2005 | ||
| 300 | |a ix, 336 σ.; |b εικ.; |c 24 εκ. | ||
| 504 | |a Βιβλιογραφία: σ. 298-326 | ||
| 504 | |a Ευρετήριο: σ. 327-336 | ||
| 650 | 0 | 0 | |a Water-supply |x Technological innovations. |
| 650 | 0 | 0 | |a Sewage disposal |x Technological innovations. |
| 650 | 0 | 0 | |a Water utilities |x Deregulation |z Developing countries. |
| 650 | 0 | 0 | |a Water utilities |x Deregulation |z Developed countries. |
| 700 | 1 | |a Ford, Roger R. | |
| 852 | |a INST |b LESVOS |e 20080722 |h 363.61 THO |p 005100041829 |q 005100041829 |t BK |y 0 | ||
| 901 | |a BIBL1-2008-2 | ||
| 909 | |a Λ |b 151475 | ||
| 922 | |a 1ΕΛΗ |b 200803 |c ΕΠΕΑΕΚ2/ΤΠ |d ΠΑΠΑΣΩΤΗΡΙΟΥ | ||
| 970 | |a ΚΑΡΑ |b ΓΙΑΣΕΜΗ |z 2008/07/22 | ||